Central Library OPAC University of Rajshahi

Physical educational facilities for the modern junior and senior high school / (Record no. 50371)

MARC details
000 -LEADER
fixed length control field 00725nam a2200229 a 4500
001 - CONTROL NUMBER
control field 50371
003 - CONTROL NUMBER IDENTIFIER
rucl marc code BD-RjUL
005 - DATE AND TIME OF LATEST TRANSACTION
control field 20211209075510.0
008 - FIXED-LENGTH DATA ELEMENTS--GENERAL INFORMATION
fixed length control field 160824s1938 nyuae b 000 0 eng
035 ## - SYSTEM CONTROL NUMBER
System control number (BD-RjUL)50491
040 ## - CATALOGING SOURCE
Original cataloging agency DLC
Transcribing agency MBU
Modifying agency OCoLC
-- DLC
-- BD-RjUL
Language of cataloging eng
041 ## - LANGUAGE CODE
Language code of text/sound track or separate title eng
082 ## - DEWEY DECIMAL CLASSIFICATION NUMBER
Classification number 371.624
Edition number 23
Author mark and year BLP 1938
100 1# - MAIN ENTRY--PERSONAL NAME
Personal name Blair, Herbert
Dates associated with a name 1875-
9 (RLIN) 150948
245 10 - TITLE STATEMENT
Title Physical educational facilities for the modern junior and senior high school /
Statement of responsibility, etc. by Herbert Blair
260 ## - PUBLICATION, DISTRIBUTION, ETC. (IMPRINT)
Place of publication, distribution, etc. New York :
Name of publisher, distributor, etc. A.S. Barnes & Company,
Date of publication, distribution, etc. 1938.
300 ## - PHYSICAL DESCRIPTION
Pagination xii, 174 p. :
Illustrations ill. ;
Size 24 cm.
500 ## - GENERAL NOTE
General note Includes Index
650 #0 - SUBJECT ADDED ENTRY--TOPICAL TERM
Topical term or geographic name as entry element Gymnasiums.
9 (RLIN) 150949
Topical term or geographic name as entry element Physical education facilities.
9 (RLIN) 150950
942 ## - ADDED ENTRY ELEMENTS (KOHA)
Source of classification or shelving scheme Dewey Decimal Classification
Koha item type Books
Holdings
Lost status Source of classification or shelving scheme Damaged status Not for loan Collection code Permanent Location Current Location Shelving location Date acquired Source of acquisition Total Checkouts Full call number Date last seen Copy number Koha item type
  Dewey Decimal Classification     Non-fiction Central Library, University of Rajshahi Central Library, University of Rajshahi   14/07/1959 Asia foundation   371.624 BLP 1938 24/08/2016 C-2 Books